Introduction to algebraic system theory

Αποθηκεύτηκε σε:
Λεπτομέρειες βιβλιογραφικής εγγραφής
Κύριος συγγραφέας: Sain, Michael K.
Μορφή: Βιβλίο
Γλώσσα:English
Δημοσίευση: New York, NY : Academic Press, 1981
Σειρά:Mathematics in science and engineering ; ; 151
Θέματα:
Ετικέτες: Προσθήκη ετικέτας
Δεν υπάρχουν, Καταχωρήστε ετικέτα πρώτοι!

MARC

LEADER 00000cam a2200000 i 4500
001 1/61841
008 941103s1981 eng d
020 |a 0126148503  |c $20.00 
035 |l 10046508 
035 |a 1987 
040 |a GR-MY-UA  |b gre  |e aacr 
041 0 |a eng 
082 0 |a 003 
100 1 |a Sain, Michael K. 
245 1 0 |a Introduction to algebraic system theory /  |c Michael K. Sain 
260 |a New York, NY :   |b Academic Press,   |c 1981 
300 |a xiv, 347 p.;  |b ill.;  |c 24 cm. 
490 1 |a Mathematics in science and engineering  |v ; 151 
500 |a Includes index 
504 |a Bibliography: p. 338-339 
650 0 0 |a System analysis. 
650 0 0 |a Algebra. 
830 0 |a Mathematics in science and engineering ;  |v ; 151 
852 |a INST  |b SAMOS  |e 19941103  |h 003 SAI  |p 005300002314  |q 005300002314  |t BK  |y 0 
909 |a Σ  |b 008162